Management (Record no. 2288)

MARC details
005 - DATE AND TIME OF LATEST TRANSACTION
control field 20250514153612.0
020 ## - INTERNATIONAL STANDARD BOOK NUMBER
International Standard Book Number 0-07-035377-8
082 ## - DEWEY DECIMAL CLASSIFICATION NUMBER
Classification number 658. 4 KOO
100 ## - MAIN ENTRY--PERSONAL NAME
Author name KOONTZ, H.
245 ## - TITLE STATEMENT
Title Management
250 ## - EDITION STATEMENT
Edition statement 7th Ed.
260 ## - PUBLICATION, DISTRIBUTION, ETC.
Place of publication, distribution, etc. London,
Name of publisher, distributor, etc. McGraw-Hill,
Date of publication, distribution, etc. 1980.
300 ## - PHYSICAL DESCRIPTION
Extent xxiii, 832p.: ill.; figure, table.
Other physical details Bibliographical references and index, Glossary.
Dimensions 23cm.
942 ## - ADDED ENTRY ELEMENTS (KOHA)
Source of classification or shelving scheme Dewey Decimal Classification
Koha item type Books
Holdings
Date last seen Total checkouts Full call number Barcode Cost, replacement price Price effective from Koha item type Lost status Source of classification or shelving scheme Damaged status Not for loan Withdrawn status Home library Current library Shelving location Date acquired Cost, normal purchase price
05/14/2025   658. 4 KOO 0000008737 30000.00 05/14/2025 Books   Dewey Decimal Classification       College of Business Education Main Library College of Business Education Main Library General Collection 05/14/2025 10000.00